Administración de PYMES: emprender, dirigir y desarrollar empresas
Guardat en:
| Autors principals: | , , |
|---|---|
| Format: | Llibre |
| Idioma: | espanyol |
| Publicat: |
Cuernavaca
Pearson Educación
2011
|
| Edició: | 1a. ed |
| Matèries: | |
| Etiquetes: |
Afegir etiqueta
Sense etiquetes, Sigues el primer a etiquetar aquest registre!
|
MARC
| LEADER | 00000cam a2200000 a 4500 | ||
|---|---|---|---|
| 001 | UCF2799 | ||
| 003 | CL-VaPUC | ||
| 005 | 20241112193423.0 | ||
| 008 | 120910e20110000MX |||||||||||||||||spa|d | ||
| 999 | |c 349338 |d 349336 | ||
| 020 | |a 9786073206785 | ||
| 040 | |c Pontificia Universidad Católica de Valparaíso | ||
| 082 | 0 | 4 | |a 658.15 |b FIL |2 21 |
| 100 | 0 | |a Filion, Louis Jacques |e author |9 564610 | |
| 245 | 1 | 0 | |a Administración de PYMES: emprender, dirigir y desarrollar empresas |
| 250 | |a 1a. ed | ||
| 260 | |a Cuernavaca |b Pearson Educación |c 2011 | ||
| 300 | |a 502 p | ||
| 583 | |a last modification |c 20120910 11:39:00 |k Rodrigo Vera | ||
| 650 | 0 | |a Pequeñas y medianas empresas |9 893677 | |
| 650 | 0 | |a Emprendedores |9 893678 |x Gestión de empresas | |
| 650 | 0 | |a Pequeñas y medianas empresas |2 CL-VaPUC |9 893679 |x Gestión de recursos humanos | |
| 650 | 0 | |a Empresas familiares |9 498461 | |
| 700 | 0 | |a Cisneros Martínez, Luis Felipe |e author |9 564611 | |
| 700 | 0 | |a Mejía-Morelos, Jorge Humberto |e author |9 564612 | |
| 942 | |c BK |2 ddc | ||
| 945 | |d 20120910 00:00:00 |a dcastane | ||
| 952 | |0 0 |1 0 |4 0 |6 658_150000000000000_FIL_2011 |7 0 |8 R |9 451930 |a BIBENE |b BIBENE |d 2019-11-22 |i 4901614 |l 1 |o 658.15 FIL 2011 |p 4901614 |r 2025-01-15 |s 2023-08-22 |w 2019-11-22 |y BK_R |k ICO | ||